Destiny and control in human systems : studies in the interactive connectedness of time (chronotopology) /

Bibliographic Details
Main Author: Musès, Charles, 1919-2000
Format: Book
Language:English
Published: Boston : Kluwer-Nijhoff Pub. ; [1985]
Series:Frontiers in systems research ; v. 5.
Subjects:

MARC

Tag First Indicator Second Indicator Subfields
LEADER 00000pam a2200000 a 4500
001 in00000565751
005 20151014055048.0
008 840316s1985 maua b 00110 eng
010 |a  84005780  
020 |a 0898381568 
035 |a (OCoLC)09784056 
035 |9 ACK7303AM 
039 0 |a 2  |b 3  |c 3  |d 3  |e 3 
040 |a DLC  |c DLC  |d TXA  |d UtOrBLW 
049 |a TXAM  |c [A09022886] 
050 0 0 |a BD638  |b .M85 1985 
082 0 |a 003  |2 19 
100 1 |a Musès, Charles,  |d 1919-2000. 
245 1 0 |a Destiny and control in human systems :  |b studies in the interactive connectedness of time (chronotopology) /  |c Charles Muses. 
264 1 |a Boston :  |b Kluwer-Nijhoff Pub. ;  |c [1985] 
264 2 |a Hingham, MA, U.S.A. :  |b Distributors for North America, Kluwer Academic Publishers, 
264 4 |c ©1985 
300 |a xiv, 219 pages :  |b illustrations ;  |c 24 cm. 
336 |a text  |b txt  |2 rdacontent 
337 |a unmediated  |b n  |2 rdamedia 
338 |a volume  |b nc  |2 rdacarrier 
490 1 |a Frontiers in systems research ;  |v [5] 
500 |a Errata slip inserted. 
500 |a Includes index. 
504 |a Bibliography: pages 192-200. 
650 0 |a Time. 
650 0 |a System theory. 
650 0 |a Social systems. 
830 0 |a Frontiers in systems research ;  |v v. 5. 
999 |a MARS 
999 f f |s da7ea4d3-8970-35e7-accb-013ac45145d0  |i 9abdffbf-b9de-3dc3-a0d3-bf5e0686b0c2  |t 0 
952 f f |p ric  |a Texas A&M University  |b Rellis Campus  |c Joint Library Facility  |d Remote Storage  |t 0  |e BD638 .M85 1985  |h Library of Congress classification  |i unmediated -- volume  |m A14809022886 
998 f f |a BD638 .M85 1985  |t 0  |l Remote Storage